My brother, Lyndon. (Record no. 239)
[ view plain ]
| 000 -LEADER | |
|---|---|
| fixed length control field | 00591cam a2200229 4500 |
| 005 - DATE AND TIME OF LATEST TRANSACTION | |
| control field | 20260322212012.0 |
| 008 - FIXED-LENGTH DATA ELEMENTS--GENERAL INFORMATION | |
| fixed length control field | data |
| 010 ## - LIBRARY OF CONGRESS CONTROL NUMBER | |
| LC control number | 78090068 |
| 020 ## - INTERNATIONAL STANDARD BOOK NUMBER | |
| International Standard Book Number | 0402123115 |
| 020 ## - INTERNATIONAL STANDARD BOOK NUMBER | |
| International Standard Book Number | 9780402123118 |
| 040 ## - CATALOGING SOURCE | |
| Original cataloging agency | DLC |
| Transcribing agency | DLC |
| Modifying agency | DLC |
| 050 00 - LIBRARY OF CONGRESS CALL NUMBER | |
| Classification number | E847 |
| Item number | .J65 1970 |
| 082 00 - DEWEY DECIMAL CLASSIFICATION NUMBER | |
| Classification number | B |
| -- | B |
| 001 - CONTROL NUMBER | |
| control field | data |
| 245 00 - TITLE STATEMENT | |
| Title | My brother, Lyndon. |
| Statement of responsibility, etc. | edited by Sam Houston Johnson. |
| 250 ## - EDITION STATEMENT | |
| Edition statement | [1st ed.] |
| 260 ## - PUBLICATION, DISTRIBUTION, ETC. | |
| Place of publication, distribution, etc. | New York, |
| Name of publisher, distributor, etc. | Cowles Book Co. |
| Date of publication, distribution, etc. | [1970] |
| 300 ## - PHYSICAL DESCRIPTION | |
| Extent | 278 p. |
| Other physical details | ports. |
| Dimensions | 22 cm. |
| 350 ## - PRICE (NR) (BK AM CF MU VM SE) [OBSOLETE] | |
| Price | 6.95 |
| 600 10 - SUBJECT ADDED ENTRY--PERSONAL NAME | |
| Personal name | Johnson, Lyndon B. |
| Fuller form of name | (Lyndon Baines), |
| Dates associated with a name | 1908-1973. |
| 700 1# - ADDED ENTRY--PERSONAL NAME | |
| Personal name | Johnson, Sam Houston. |
| Withdrawn status | Lost status | Damaged status | Not for loan | Home library | Current library | Shelving location | Date acquired | Total checkouts | Full call number | Barcode | Date last seen | Price effective from | Koha item type |
|---|---|---|---|---|---|---|---|---|---|---|---|---|---|
| Centerville | Centerville | General stacks | 22/03/2026 | 973.923/0924 B | BC0010247 | 22/03/2026 | 22/03/2026 | Books |